4EHP-independent repression of endogenous mRNAs by the RNA-binding protein GIGYF2

Abstract. Initially identified as a factor involved in tyrosine kinase receptor signaling, Grb10-interacting GYF protein 2 (GIGYF2) has later been shown to int

Saved in:
Bibliographic Details
Main Authors: Amaya Ramirez, Cinthia (Author) , Hubbe, Petra (Author) , Mandel, Nicolas (Author) , Béthune, Julien (Author)
Format: Article (Journal)
Language:English
Published: 20 June 2018
In: Nucleic acids research
Year: 2018, Volume: 46, Issue: 11, Pages: 5792-5808
ISSN:1362-4962
DOI:10.1093/nar/gky198
Online Access:Verlag, Volltext: https://doi.org/10.1093/nar/gky198
Verlag, Volltext: https://academic.oup.com/nar/article/46/11/5792/4937549
Get full text
Author Notes:Cinthia C. Amaya Ramirez, Petra Hubbe, Nicolas Mandel and Julien Béthune

MARC

LEADER 00000caa a2200000 c 4500
001 1663267235
003 DE-627
005 20220816134608.0
007 cr uuu---uuuuu
008 190415s2018 xx |||||o 00| ||eng c
024 7 |a 10.1093/nar/gky198  |2 doi 
035 |a (DE-627)1663267235 
035 |a (DE-599)KXP1663267235 
035 |a (OCoLC)1341209667 
040 |a DE-627  |b ger  |c DE-627  |e rda 
041 |a eng 
084 |a 32  |2 sdnb 
100 1 |a Amaya Ramirez, Cinthia  |e VerfasserIn  |0 (DE-588)1135756015  |0 (DE-627)890800588  |0 (DE-576)490115667  |4 aut 
245 1 0 |a 4EHP-independent repression of endogenous mRNAs by the RNA-binding protein GIGYF2  |c Cinthia C. Amaya Ramirez, Petra Hubbe, Nicolas Mandel and Julien Béthune 
264 1 |c 20 June 2018 
300 |a 17 
336 |a Text  |b txt  |2 rdacontent 
337 |a Computermedien  |b c  |2 rdamedia 
338 |a Online-Ressource  |b cr  |2 rdacarrier 
500 |a First published: 15 March 2018 
500 |a Gesehen am 15.04.2019 
520 |a Abstract. Initially identified as a factor involved in tyrosine kinase receptor signaling, Grb10-interacting GYF protein 2 (GIGYF2) has later been shown to int 
700 1 |a Hubbe, Petra  |e VerfasserIn  |0 (DE-588)1183636237  |0 (DE-627)1663266875  |4 aut 
700 1 |a Mandel, Nicolas  |d 1993-  |e VerfasserIn  |0 (DE-588)1181118832  |0 (DE-627)1662643934  |4 aut 
700 1 |a Béthune, Julien  |e VerfasserIn  |0 (DE-588)132405210  |0 (DE-627)522675964  |0 (DE-576)299125068  |4 aut 
773 0 8 |i Enthalten in  |t Nucleic acids research  |d Oxford : Oxford Univ. Press, 1974  |g 46(2018), 11, Seite 5792-5808  |h Online-Ressource  |w (DE-627)26813250X  |w (DE-600)1472175-2  |w (DE-576)07760878X  |x 1362-4962  |7 nnas  |a 4EHP-independent repression of endogenous mRNAs by the RNA-binding protein GIGYF2 
773 1 8 |g volume:46  |g year:2018  |g number:11  |g pages:5792-5808  |g extent:17  |a 4EHP-independent repression of endogenous mRNAs by the RNA-binding protein GIGYF2 
856 4 0 |u https://doi.org/10.1093/nar/gky198  |x Verlag  |x Resolving-System  |3 Volltext 
856 4 0 |u https://academic.oup.com/nar/article/46/11/5792/4937549  |x Verlag  |3 Volltext 
951 |a AR 
992 |a 20190415 
993 |a Article 
994 |a 2018 
998 |g 132405210  |a Béthune, Julien  |m 132405210:Béthune, Julien  |d 700000  |d 718000  |e 700000PB132405210  |e 718000PB132405210  |k 0/700000/  |k 1/700000/718000/  |p 4  |y j 
998 |g 1181118832  |a Mandel, Nicolas  |m 1181118832:Mandel, Nicolas  |d 140000  |e 140000PM1181118832  |k 0/140000/  |p 3 
998 |g 1183636237  |a Hubbe, Petra  |m 1183636237:Hubbe, Petra  |d 910000  |d 950000  |d 950950  |e 910000PH1183636237  |e 950000PH1183636237  |e 950950PH1183636237  |k 0/910000/  |k 1/910000/950000/  |k 2/910000/950000/950950/  |p 2 
998 |g 1135756015  |a Amaya Ramirez, Cinthia  |m 1135756015:Amaya Ramirez, Cinthia  |d 700000  |d 711000  |e 700000PA1135756015  |e 711000PA1135756015  |k 0/700000/  |k 1/700000/711000/  |p 1  |x j 
999 |a KXP-PPN1663267235  |e 3422477691 
BIB |a Y 
SER |a journal 
JSO |a {"note":["First published: 15 March 2018","Gesehen am 15.04.2019"],"type":{"media":"Online-Ressource","bibl":"article-journal"},"relHost":[{"note":["Gesehen am 15.09.2025","Ungezählte Beil.: Database issue; Web server issue"],"pubHistory":["1.1974 -"],"type":{"bibl":"periodical","media":"Online-Ressource"},"titleAlt":[{"title":"NAR online"},{"title":"NAR"},{"title":"Database issue"},{"title":"Web server issue"}],"title":[{"title":"Nucleic acids research","title_sort":"Nucleic acids research"}],"origin":[{"dateIssuedDisp":"1974-","publisherPlace":"Oxford","publisher":"Oxford Univ. Press","dateIssuedKey":"1974"}],"id":{"zdb":["1472175-2"],"issn":["1362-4962"],"eki":["26813250X"]},"recId":"26813250X","part":{"year":"2018","text":"46(2018), 11, Seite 5792-5808","extent":"17","volume":"46","pages":"5792-5808","issue":"11"},"language":["eng"],"physDesc":[{"extent":"Online-Ressource"}],"disp":"4EHP-independent repression of endogenous mRNAs by the RNA-binding protein GIGYF2Nucleic acids research"}],"person":[{"given":"Cinthia","family":"Amaya Ramirez","display":"Amaya Ramirez, Cinthia","role":"aut"},{"given":"Petra","family":"Hubbe","display":"Hubbe, Petra","role":"aut"},{"given":"Nicolas","display":"Mandel, Nicolas","role":"aut","family":"Mandel"},{"family":"Béthune","display":"Béthune, Julien","role":"aut","given":"Julien"}],"title":[{"title_sort":"4EHP-independent repression of endogenous mRNAs by the RNA-binding protein GIGYF2","title":"4EHP-independent repression of endogenous mRNAs by the RNA-binding protein GIGYF2"}],"origin":[{"dateIssuedDisp":"20 June 2018","dateIssuedKey":"2018"}],"name":{"displayForm":["Cinthia C. Amaya Ramirez, Petra Hubbe, Nicolas Mandel and Julien Béthune"]},"id":{"doi":["10.1093/nar/gky198"],"eki":["1663267235"]},"recId":"1663267235","physDesc":[{"extent":"17 S."}],"language":["eng"]} 
SRT |a AMAYARAMIR4EHPINDEPE2020